Stolice państw na literę S - Statystyki

Ogólne statystyki
  • Ten quiz został rozwiązany 17 razy
  • Średni wynik to 18 z 22
Statystyki odpowiedzi
Miejsce Państwo Stolica % Poprawnych
8. Serbia Belgrad
100%
21. Szwajcaria Berno
100%
12. Słowacja Bratysława
100%
22. Szwecja Sztokholm
100%
16. Stany Zjednoczone Waszyngton
100%
13. Słowenia Lublana
94%
6. San Marino San Marino
94%
11. Singapur Singapur
94%
20. Syria Damaszek
88%
7. Senegal Dakar
82%
4. Salwador San Salvador
82%
17. Sudan Chartum
76%
18. Sudan Południowy Dżuba
76%
15. Sri Lanka Kolombo, Sri Dźajawardanapura Kotte
76%
14. Somalia Mogadiszu
76%
10. Sierra Leone Freetown
71%
19. Surinam Paramaribo
71%
5. Samoa Apia
65%
9. Seszele Victoria
65%
1. Saint Kitss i Nevis Basseterre
59%
2. Saint Lucia Castries
59%
3. Saint Vincent I Grenadyny Kingstown
53%
Nie znaleziono quizów pasujących do podanych kryteriów
Rozkład punktacji
Procent ludzi z każdym wynikiem
Percentyl według liczby udzielonych odpowiedzi
Twoja historia wyników
Nie rozwiązałeś tego quizu